00447 a2200169 450000100060000002000180000604000220002410000230004624000170006924500120008630000080009836200090010665000260011594200070014195201120014899900170026063663 a9788508125951 cAnchieta - Pituba aAlencar, José de10aIracemalpor10aIracema a1250 a2009 4aFicção brasileira cBK 00104070a91.1b91.1d2023-11-21l0o869.93 A368i ALE IRAp17025/PITr2023-11-21 18:32:08w2023-11-21yBK c63663d63663